Baladas líricas / (Record no. 186012)

MARC details
000 -LEADER
campo de control de longitud fija 01133nam a2200313 i 4500
001 - NÚMERO DE CONTROL
campo de control 186012
003 - IDENTIFICADOR DE NÚMERO DE CONTROL
campo de control SpMaBN
005 - FECHA Y HORA DE LA ÚLTIMA TRANSACCIÓN
campo de control 20260616174858.0
008 - DATOS DE LONGITUD FIJA--INFORMACIÓN GENERAL
campo de control de longitud fija 160902s1990 sp ac |||| |dspa d
020 ## - NÚMERO INTERNACIONAL ESTÁNDAR DEL LIBRO
Número Internacional Estándar del Libro 84-376-0921-6
080 ## - NÚMERO DE LA CLASIFICACIÓN DECIMAL UNIVERSAL
Número de la Clasificación Decimal Universal 821.111 Wordsworth William 1.07
080 ## - NÚMERO DE LA CLASIFICACIÓN DECIMAL UNIVERSAL
Número de la Clasificación Decimal Universal 821.111 Coleridge, Samuel Taylor 1.07
080 ## - NÚMERO DE LA CLASIFICACIÓN DECIMAL UNIVERSAL
Número de la Clasificación Decimal Universal 821.111-14"18"
100 1# - ENTRADA PRINCIPAL--NOMBRE DE PERSONA
Nombre de persona Wordsworth, William,
Fechas asociadas al nombre 1770-1850
9 (RLIN) 117367
245 10 - MENCIÓN DEL TÍTULO
Título Baladas líricas /
Mención de responsabilidad, etc. W. Wordsworth y S.T. Coleridge ; traducción de Santiago Corugedo y José Luis Chamosa.
250 ## - MENCION DE EDICION
Mención de edición Ed. bilingüe
Resto de la mención de edición de Santiago Corugedo y José Luis Chamosa.
260 ## - PUBLICACIÓN, DISTRIBUCIÓN, ETC.
Lugar de publicación, distribución, etc. Madrid :
Nombre del editor, distribuidor, etc. Cátedra,
Fecha de publicación, distribución, etc. [1990]
300 ## - DESCRIPCIÓN FÍSICA
Extensión 339 p. :
Otras características físicas il., retr. ;
Dimensiones 18 cm.
490 1# - MENCIÓN DE SERIE
Mención de serie Letras universales ;
Designación de volumen o secuencia 135
500 ## - NOTA GENERAL
Nota general Cronología.
504 ## - NOTA DE BIBLIOGRAFÍA, ETC.
Nota de bibliografía, etc. Bibliografía: p. 99-103.
546 ## - NOTA DE IDIOMA
Nota de lengua/lenguaje Texto en inglés y español.
700 1# - ENTRADA AGREGADA--NOMBRE PERSONAL
Nombre de persona Coleridge, Samuel Taylor.
9 (RLIN) 39581
700 1# - ENTRADA AGREGADA--NOMBRE PERSONAL
Nombre de persona Fernández Corugedo, S. G.
9 (RLIN) 160687
700 1# - ENTRADA AGREGADA--NOMBRE PERSONAL
Nombre de persona Chamosa, José Luis.
9 (RLIN) 142758
830 0# - PUNTO DE ACCESO ADICIONAL DE SERIE-TÍTULO UNIFORME
Título uniforme Letras universales ;
Designación de volumen o secuencia 135
9 (RLIN) 178013
852 ## - LOCALIZACIÓN
Ubicación ES-MaACL
Número de control de estantería L-30614
Nota libre . - Donat. Miguel A. Velasco
Holdings
Estatus retirado Estado de pérdida Estado de daño No para préstamo Biblioteca de origen Biblioteca actual Ubicación en estantería Fecha de adquisición Fuente de adquisición Total de préstamos Signatura topográfica completa Código de barras Visto por última vez Precio de reemplazo Tipo de ítem Koha
        Biblioteca del Ateneo de Madrid Biblioteca del Ateneo de Madrid Depósito 2 02/09/2016     L-30614 1196105 23/02/2023 23/02/2023 Libro impreso